| 000 | 00611nam a2200193Ia 4500 | ||
|---|---|---|---|
| 001 | 4247 | ||
| 003 | GE_BSU | ||
| 008 | 181216s||||||||xx |||||||||||||| ||und|| | ||
| 040 | _cGE_BSU | ||
| 080 | _a622.692.4 | ||
| 100 | _aТищенко,А.С. | ||
| 245 | _aОптимальное технологическое проектирование нефтепроводов. | ||
| 260 | _aМ. | ||
| 260 | _bНедра. | ||
| 260 | _c1982. | ||
| 300 | _a263 стр. 22 см. | ||
| 653 | _aОптимальное технологическое проектирование нефтепроводов. | ||
| 942 | _cBK | ||
| 999 |
_c38257 _d38257 |
||